Guess the Writer From the Picture - Statistics

General Stats
  • This quiz has been taken 88 times
  • The average score is 6 of 24
Answer Stats
Picture Answer % Correct
Edgar Allan Poe
85%
George Orwell
73%
Fyodor Dostoevsky
55%
Hunter S. Thompson
34%
Kurt Vonnegut
34%
Roald Dahl
34%
Haruki Murakami
24%
Joseph Conrad
24%
Vladimir Nabokov
22%
Aleksandr Solzhenitsyn
18%
William S. Burroughs
18%
Thomas Pynchon
16%
Charles Bukowski
15%
H.G. Wells
15%
Will Self
15%
Henry Miller
13%
William Blake
13%
Alan Ginsberg
10%
Anthony Burgess
10%
Joseph Heller
9%
Mikhail Bulgakov
9%
Cristina Garcia
6%
William Gibson
4%
Josef Škvorecký
1%
No matching quizzes found
Score Distribution
Percent of People with Each Score
Percentile by Number Answered
Your Score History
You have not taken this quiz